000 00803cam a22002653a 4500
001 1578
003 PGUSA
005 20140828083003.0
008 981201s1998||||xxu|||||s|||||000 | eng d
040 _aPGUSA
_beng
042 _adc
050 4 _aPQ
245 1 0 _aAucassin and Nicolete
_h[electronic resource]
260 _bProject Gutenberg,
_c1998
500 _aTranslation of: Aucassin et Nicolette.
506 _aPublic domain in the USA.
516 _aElectronic text
653 _aRomances -- Translations into English
653 _aLegends -- France -- Translations into English
653 _aFrench literature -- Translations into English
700 1 _aLang, Andrew,
_d1844-1912
830 0 _aProject Gutenberg
_v1578
856 4 0 _uhttp://www.gutenberg.org/ebooks/1578
942 _cEB
999 _c230926
_d230926